| 000 | 00347nam a22001457a 4500 | ||
|---|---|---|---|
| 999 |
_c968 _d968 |
||
| 003 | OSt | ||
| 005 | 20170830154009.0 | ||
| 008 | 160625b xxu||||| |||| 00| 0 eng d | ||
| 020 | _a08612532 | ||
| 040 | _cTEST | ||
| 100 |
_91188 _a Maison, M.M |
||
| 245 | _aExamine Your English | ||
| 260 |
_aN.D _b Orient Longman _c1964 |
||
| 300 | _aExamine Your English | ||
| 942 |
_2ddc _cBK |
||